बेमिशाल मुकदमा / (Record no. 14675)

MARC details
000 -LEADER
fixed length control field 01189nam a22002537a 4500
005 - DATE AND TIME OF LATEST TRANSACTION
control field 20080730141023.0
008 - FIXED-LENGTH DATA ELEMENTS--GENERAL INFORMATION
fixed length control field 080730t xxu||||| |||| 00| j hin d
010 ## - LIBRARY OF CONGRESS CONTROL NUMBER
LC control number HIN-83857
020 ## - INTERNATIONAL STANDARD BOOK NUMBER
Terms of availability 300.00
035 ## - SYSTEM CONTROL NUMBER
System control number HN-56203
037 ## - SOURCE OF ACQUISITION
Source of stock number/acquisition DBAD / PUB
040 ## - CATALOGING SOURCE
Original cataloging agency DPL
Language of cataloging HN
082 ## - DEWEY DECIMAL CLASSIFICATION NUMBER
Classification number
245 ## - TITLE STATEMENT
Title बेमिशाल मुकदमा /
Statement of responsibility, etc शारदा सिंह द्वारा सम्पादित
246 ## - VARYING FORM OF TITLE
Title proper/short title Bemishal mukadama
Remainder of title edited by Sharada Singh
260 ## - PUBLICATION, DISTRIBUTION, ETC. (IMPRINT)
Place of publication, distribution, etc दिल्ली
Name of publisher, distributor, etc बाल शिक्षा पुस्तक संस्थान
Date of publication, distribution, etc 2004
270 ## - ADDRESS
Address 821/बी, गुरूराम दास नगर एक्सटेंशन गुरूद्वारा रोड, ल्क्षमी नगर
City दिल्ली
Postal code 110092
300 ## - PHYSICAL DESCRIPTION
Extent 256पृ.
Dimensions 22सेमी
650 ## - SUBJECT ADDED ENTRY--TOPICAL TERM
Topical term or geographic name as entry element हिन्दी कहानी
650 ## - SUBJECT ADDED ENTRY--TOPICAL TERM
Topical term or geographic name as entry element Hindi Story
700 ## - ADDED ENTRY--PERSONAL NAME
Personal name सिंह, शारदा
942 ## - ADDED ENTRY ELEMENTS (KOHA)
Source of classification or shelving scheme Dewey Decimal Classification
Koha item type Hindi Books
Classification part
Call number suffix बेमिशा
Holdings
Withdrawn status Lost status Damaged status Not for loan Collection code Home library Current library Date acquired Source of acquisition Cost, normal purchase price Total Checkouts Full call number Barcode Date last seen Copy number Cost, replacement price Price effective from Koha item type
      Not For Loan Fiction D.B.Act.Division D.B.Act.Division 30/07/2008 DBAD / PUB 300.00   क बेमिशा HN-56203 15/09/2008 1 300.00 15/09/2008 Hindi Books

© Delhi Public Library
Hit Counter
free hit counter